00305nam a22001097a 4500003000400000020001500004082001900019100005600038245004700094260004600141300000800187SGT a8181431706 a891.4309bB08M aमिश्र, विद्यानिवास  aभारतीय की पहचान  bवाणी प्रकाशन c2008 a138